রবীন্দ্র বিচিত্রা / (Record no. 38268)
[ view plain ]
| 000 -LEADER | |
|---|---|
| fixed length control field | 00945nam a2200229 a 4500 |
| 001 - CONTROL NUMBER | |
| control field | 38268 |
| 003 - CONTROL NUMBER IDENTIFIER | |
| rucl marc code | BD-RjUL |
| 005 - DATE AND TIME OF LATEST TRANSACTION | |
| control field | 20211209052748.0 |
| 008 - FIXED-LENGTH DATA ELEMENTS--GENERAL INFORMATION | |
| fixed length control field | 151025r19611954ii ||||| |||| 00| 0 ben d |
| 035 ## - SYSTEM CONTROL NUMBER | |
| System control number | (BD-RjUL)38373 |
| 040 ## - CATALOGING SOURCE | |
| Original cataloging agency | BD-RjUL |
| Language of cataloging | ben |
| Transcribing agency | BD-RjUL |
| 041 ## - LANGUAGE CODE | |
| Language code of text/sound track or separate title | ben |
| 082 ## - DEWEY DECIMAL CLASSIFICATION NUMBER | |
| Classification number | 891.4409 |
| Author mark and year | BIR 1961 |
| 100 ## - MAIN ENTRY--PERSONAL NAME | |
| Personal name | বিশী, প্রমথনাথ |
| 9 (RLIN) | 118298 |
| 245 ## - TITLE STATEMENT | |
| Title | রবীন্দ্র বিচিত্রা / |
| Statement of responsibility, etc. | প্রমথনাথ বিশী |
| 260 ## - PUBLICATION, DISTRIBUTION, ETC. (IMPRINT) | |
| Place of publication, distribution, etc. | কলিকাতা : |
| Name of publisher, distributor, etc. | ওরিয়েণ্ট বুক কোম্পানি, |
| Date of publication, distribution, etc. | ১৯৫৪ [প্রকাশ ১৯৬১] |
| 300 ## - PHYSICAL DESCRIPTION | |
| Pagination | ২৪২ পৃ. : |
| Size | ২২ সেমি. |
| 500 ## - GENERAL NOTE | |
| General note | নির্ঘন্ট সংযুক্ত |
| 650 ## - SUBJECT ADDED ENTRY--TOPICAL TERM | |
| Topical term or geographic name as entry element | বাংলা সাহিত্য |
| General subdivision | ইতিহাস ও সমালোচনা |
| 9 (RLIN) | 118060 |
| Topical term or geographic name as entry element | Bengali literary |
| General subdivision | History and criticism |
| 9 (RLIN) | 118299 |
| 942 ## - ADDED ENTRY ELEMENTS (KOHA) | |
| Source of classification or shelving scheme | Dewey Decimal Classification |
| Koha item type | Books |
| Lost status | Source of classification or shelving scheme | Damaged status | Not for loan | Collection code | Permanent Location | Current Location | Shelving location | Date acquired | Source of acquisition | Cost, normal purchase price | Total Checkouts | Full call number | Date last seen | Date checked out | Copy number | Koha item type |
|---|---|---|---|---|---|---|---|---|---|---|---|---|---|---|---|---|
| Dewey Decimal Classification | Non-fiction | Central Library, University of Rajshahi | Central Library, University of Rajshahi | 29/04/1963 | Kamla book | 5.50 | 2 | B 891.4409 BIR 1961 | 12/05/2026 | 06/05/2026 | C-2 | Books | ||||
| Dewey Decimal Classification | Not For Loan | Non-fiction | Central Library, University of Rajshahi | Central Library, University of Rajshahi | Reading Room | 01/06/1973 | Uttorbango Library | 5.50 | B 891.4409 BIR 1961 | 04/11/2021 | C-1 | Books |